Estadísticas para AP Spanish lit obras

Haz click aquí para intentar la prueba.

Estadísticas generales

  • Esta prueba ha sido intentada 19 veces
  • La puntuación promedio es 27 de 40

Estadísticas de respuestas

obraautorsiglo% Correcto
Lazarillo de TormesAnonimoXVI
100%
Romance de la perdida de AlhamaAnonimoXVI
100%
El Conde de Lucanor ejemplo XXXVDon Juan ManuelXIV
100%
Prendimiento de Antoñito el Camborio en el Camino de SevillaFederico Garcia LorcaXX
80%
La casa de Bernarda AlbaFederico Garcia LorcaXX
80%
Soneto XVIIGarcilaso de la VegaXVI
80%
Borges y yoJorge Luis BorgesXX
80%
El SurJorge Luis BorgesXX
80%
A Julia de BurgoJulia de BurgosXX
80%
Don QuijoteMiguel de CervantesXVII
80%
El hombre que se convirtió en perroOsvaldo DragunXX
80%
A RooseveltRuben DarioXX
80%
Hombres necios que acusaisSor Juana Ines de la CruzXVII
80%
Peso AncestralAlfonsina StornXX
60%
He andado muchos caminosAntonio MachadoXX
60%
Chac MoolCarlos FuentesXX
60%
Las medias rojasEmilia Pardo BazanXX
60%
Salmo XVIIFrancisco de QuevedoXVII
60%
El ahogado mas hermoso del mundoGabriel Garcia MarquezXX
60%
La siesta del martesGabriel Garcia MarquezXX
60%
RIma LII(Volveran las oscuras golondrinas)Gustavo Adolfo BecquerXIX
60%
Segundo carta de relacionHernan CortesXVI
60%
El hijoHoracio QuirogaXX
60%
Dos palabrasIsabel AllendeXX
60%
En una tempestadJose Maria HerediaXIX
60%
Nuestra AmericaJose MartiXIX
60%
No oyes ladrar los perrosJuan RulfoXX
60%
La Noche Boca arribaJulio CortazarXX
60%
Soneto CLXVILuis de GongoraXVI
60%
Manuel Bueno, martirMiguel de UnamunoXX
60%
VIsión de Los Vencidos: Se ha Perdido El Pueblo mexicaMiguel Leon-PortillaXVI
60%
VIsión de Los Vencidos: Los presagios, según Los informantes de SahagunMiguel Leon-PortillaXVI
60%
Mujer NegraNancy MorejonXX
60%
Balada de Los dos abuelosNIcolas GuillenXX
60%
Walking AroundPablo NerudaXX
60%
Como la vida mismaRosa MonteroXXI
60%
Mi Caballo magoSabine UlibarriXX
60%
El Burlador de Sevilla y convidado de piedraTirso de MolinaXVII
60%
yo no se lo trago la tierraTomas RiveraXX
60%
la Noche buenaTomas RIveraXX
60%

Distribución de puntuación

Porcentaje por número respondido

Porcentaje de gente con cada puntuación

Historial de tus puntuaciones

No has intentado esta prueba.